000 00974 a2200289 4500
003 Nust
005 20170207154053.0
010 _a 2008047835
020 _a0816076170 (hardcover : alk. paper)
020 _a0816076189 (pbk. : alk. paper)
020 _a9780816076178 (hardcover : alk. paper)
020 _a9780816076185 (pbk. : alk. paper)
035 _a(OCoLC)ocn273820044
040 _cNust
082 0 0 _a373.180973
100 1 _aFireside, Bryna J.
245 1 0 _aChoices for the high school graduate :a survival guide for the information age(E-BOOK)
_cBryna J. Fireside.
250 _a5th ed.
260 _aNew York :
_bFerguson/Infobase Pub.,
_cc2009.
300 _axviii, 261 p. :
_bill. ;
_c24 cm.
650 0 _aCareer development
_zUnited States
650 0 _aCollege student orientation
_zUnited States
650 0 _aStudent aspirations
650 0 _aStudent aspirations
_zUnited States
650 0 _aVocational guidance
_zUnited States
651 _aE-BOOK
942 _2ddc
_cBK
999 _c193189
_d193189